How to do Lease Financing & Hire Purchase Business 1995 (Record no. 482319)

MARC details
000 -LEADER
fixed length control field 00742nam a2200241Ia 4500
008 - FIXED-LENGTH DATA ELEMENTS--GENERAL INFORMATION
fixed length control field 100315s9999 xx 000 0 und d
020 ## - INTERNATIONAL STANDARD BOOK NUMBER
International Standard Book Number 817274109X 
040 ## - CATALOGING SOURCE
Transcribing agency ENGLISH 
082 ## - DEWEY DECIMAL CLASSIFICATION NUMBER
Item number 7584 
Classification number 332.73 
100 ## - MAIN ENTRY--PERSONAL NAME
Personal name Nabhi
245 ## - TITLE STATEMENT
Title How to do Lease Financing & Hire Purchase Business 1995
260 ## - PUBLICATION, DISTRIBUTION, ETC. (IMPRINT)
Place of publication, distribution, etc NEW DELHI 
Name of publisher, distributor, etc Nabhi  
Date of publication, distribution, etc 1995 
300 ## - PHYSICAL DESCRIPTION
Extent 599 
365 ## - TRADE PRICE
Price note Rupees 
Unit of pricing
Price amount 250.00 
366 ## - TRADE AVAILABILITY INFORMATION
Publishers' discount category
505 ## - FORMATTED CONTENTS NOTE
Miscellaneous information Ramakant Amar Navghare 
530 ## - ADDITIONAL PHYSICAL FORM AVAILABLE NOTE
Availability source Donated By RBI Library  
620 ## -
-- "Finance, Hire purchase. "
630 ## - SUBJECT ADDED ENTRY--UNIFORM TITLE
Uniform title How to do Lease Financing & Hire Purchase Business 1995
650 ## - SUBJECT ADDED ENTRY--TOPICAL TERM
Topical term or geographic name as entry element ECONOMICS 
730 ## - ADDED ENTRY--UNIFORM TITLE
Uniform title How to do Lease Financing & Hire Purchase Business 1995
942 ## - ADDED ENTRY ELEMENTS (KOHA)
Koha item type Book
Holdings
Withdrawn status Lost status Damaged status Not for loan Home library Current library Date acquired Cost, normal purchase price Total Checkouts Full call number Barcode Date last seen Price effective from Koha item type
        Dr. V. N. Bedekar Institute of Management Studies Library Dr. V. N. Bedekar Institute of Management Studies Library 04/08/2009 250.00   332.73 /NAB  7584  VPMBRIMS-7584  03/19/2010 03/19/2010 Book